Se agudizan rezagos sociales en América Latina y el Caribe

Spremljeno u:
Bibliografski detalji
Format: Tekst
Teme:
Oznake: Dodaj oznaku
Bez oznaka, Budi prvi tko označuje ovaj zapis!

MARC

LEADER 00000 a a2200000 04500
001 10251
003
040
245 |a Se agudizan rezagos sociales en América Latina y el Caribe  
650 |a CONDICIONES SOCIALES  
650 |a EDUCACION  
650 |a BIENESTAR SOCIAL  
650 |a EDUCACION  
773 |g número 22; páginas 3-5  
999 |c 36295  |d 36295